Emmanuelle /

में बचाया:
ग्रंथसूची विवरण
मुख्य लेखक: Crepax, Guido (लेखक)
अन्य लेखक: Bernardi, Marcello, (1922-2001) (परिचय का लेखक, आदि।)
स्वरूप: पुस्तक
भाषा:इतालवी
प्रकाशित: Milano : Olympia Press Italia, c1978
टैग: टैग जोड़ें
कोई टैग नहीं, इस रिकॉर्ड को टैग करने वाले पहले व्यक्ति बनें!

MARC

LEADER 00000nam a22000007i 4500
001 IT\ICCU\UBO\0090616
003 ItRI
005 20260115232306.0
008 920704s1978 it |||||| ||||| |||||c
040 |b ita  |c importazione bologna sebina 
041 7 |a ita  |2 ISO-639-2 
082 |a 741.5945  |9 RACCOLTE DI VIGNETTE, CARICATURE, FUMETTI. Italia  |2 20 
100 1 |a Crepax, Guido  |0 IT\ICCU\CFIV\023011  |4 aut 
240 1 0 |a Emmanuelle.  |3 IT\ICCU\LIG\0071703  |9 Crepax, Guido 
245 1 0 |a Emmanuelle /  |c di Guido Crepax ; presentazione di Marcello Bernardi. 
260 |a Milano :  |b Olympia Press Italia,  |c c1978 
300 |a 142 p. :  |b in maggior parte ill. ;  |c 35 cm 
700 1 |a Bernardi, Marcello,  |d  (1922-2001)  |0 IT\ICCU\CFIV\043908  |4 aui 
790 0 |a Crepax  |3 IT\ICCU\SBNV\031240  |z Crepax, Guido 
942 |2 ddc  |c BK  |n 0 
952 |0 0  |1 0  |4 0  |6 F_741_594000000000000_CRE  |7 0  |9 23682  |a BO  |b BO  |d 2026-01-15  |i 5422  |l 0  |o F 741.594 CRE  |p BO5422  |r 2026-01-15 23:23:06  |w 2026-01-15  |x [Sebina 7] [1 v.]  |y BK  |z 1 v. 
999 |c 20166  |d 20166